00579nam a2200145 i 450000100060000000300090000600700030001500800410001810000200005924501960007926000650027530000340034070000290037485200300040380664ES-MaACLt|041029s1949 sp ||||1| spa d1 aHohmann, Georg.10aPie y pierna b: sus afecciones y su tratamiento / cpor Georg Hohmann ; traducción de la tercera edición alemana ampliada por su autor para esta edición española por F. Jimeno Vidal. aBarcelona : bLabor, c1949 (fTall. Graf. Ibero-Americanos) aXV, 555 p. : bil. ; c25 cm.1 aJimeno Vidal, Francisco. aES-MaACLjE-761 bR.26958